Capitales Mundiales por una sola Pista #4 - Estadísticas

Estadísticas generales
  • Esta prueba ha sido intentada 2.410 veces
  • La puntuación promedio es 11 de 20
Estadísticas de respuestas
País Pista Ciudad % Correcto
Grecia La academia de Platón se encontraba aquí Atenas
92%
Suecia Ciudad nordica más poblada Estocolmo
89%
Rusia Donde encontrarías la Plaza Roja Moscú
88%
China La "ciudad prohibida" se encuantra en el centro Pekín
79%
Uruguay En la orilla norte del Río de la Plata Montevideo
78%
Noruega Comienza y termina con una O Oslo
76%
Malasia Capital más cercana a Singapur Kuala Lumpur
73%
Australia De aquí, tendrías que viajar más de 2000 km para llegar a Wellington, la capital más cercana de otro país Canberra
68%
Emiratos Árabes Unidos Vecino de Dubái y Sarja Abu Dhabi
65%
Islandia Capital más septentrional del mundo Reikiavik
61%
Austria Strudels y croissants vienen de aquí Viena
53%
Sudáfrica Capital nacional más meridional en África Ciudad del Cabo
43%
Líbano Una vez llamada "La París del Medio Oriente" Beirut
40%
Haiti Sufrió miles de muertes en un terremoto en el 2010 Puerto Príncipe
35%
Costa Rica Comparte su nombre con una ciudad en California San José
33%
Tailandia Conocido en su propio lenguaje como Krung Thep Maha Nakhon Bangkok
31%
Corea del Norte Hogar al Hotel Ryugyong, el edificio más alto del mundo no ocupado Pionyang
31%
Georgia Stalin vivió aquí mientras estudiaba para ser un sacerdote Tiflis
27%
Turquía Conocido antiguamente como Angora Ankara
23%
Arabia Saudita Hogar a la universidad más grande de solamente femeninas en el mundo Riad
11%
No se encontraron pruebas coincidentes
Distribución de puntuación
Porcentaje de gente con cada puntuación
Porcentaje por número respondido
Historial de tus puntuaciones
No has intentado esta prueba.